Largest Percentage of Millionaires - Statistics

General Stats
  • This quiz has been taken 22 times
  • The average score is 8 of 15
Answer Stats
Hint Answer % Correct
8.5% USA
94%
6.3 Canada
82%
5.9 Norway
71%
7.9% Singapore
71%
6.8 Sweden
71%
15.7% Switzerland
71%
5.8 UK
71%
8.7% Netherlands
65%
12.6% Luxembourg
59%
6 Belgium
47%
5.6 Czech Republic
18%
11.9% Estonia
12%
8.3% Latvia
12%
6.6 Lithuania
12%
6.1 Romania
6%
No matching quizzes found
Score Distribution
Percent of People with Each Score
Percentile by Number Answered
Your Score History
You have not taken this quiz